01362 a2200289 45000010006000000050017000060080041000230030015000640400040000790800031001192450015001500200022001652500011001872640042001983000024002405050469002640410008007331000020007417000038007617000033007997000025008327000033008577000022008907000027009127000033009398560100009722585320260407155541.0260407a2004 arg spa dAR-UNSa-BCEJYS aAR-UNSa-BCEJYSbspacAR-UNSa-BCEJYS a330xEconomía en general10aEconomía a978-970-26-0443-3 a6a. ed 1aMéxico :bPearson Educaciónc2004 axlvi, 860p.c27 cm. aParte 1 : Introducción - Parte II : Cómo funcionan los mercados - Parte III : Las elecciones de los consumidores - Parte IV : Empresas y mercados - Parte V : Mercado de factores - Parte VI : El gobierno y las fallas de mercado - Parte VII : Perspectiva macroeconómica - Parte VIII : Demanda agregada y crecimiento económico - Parte IX : Demanda agregada e inflación - Parte X : Problemas políticas de estabilización - Parte XI : La economía global  aspa1 aParkin, Michael1 aSánchez Carrión, Miguel Angel1 aMadrigal Muñiz, Luis Oscar1 aAbán Candia, Edwin1 aMaldonado de Losada, Marcela1 aIbarra, Carlos A.1 aMuñoz Vargas, Erlend1 aSalazar Rojas, Jaime Óscar41uhttps://biblioeco.unsa.edu.ar/pmb/images/libros/Economia 6ed.jpgyImagen de portadaqimage/jpeg